Junier B. Jones jefa de cocina / (Registro nro. 9058)

Detalles MARC
000 -LIDER
fixed length control field 00849nam a22002777a 4500
001 - NÚMERO DE CONTROL
Identificador de número de control 00260
003 - IDENTIFICACDOR DE NÚMERO DE CONTROL
control field DO-SdBNP
005 - DATE AND TIME OF LATEST TRANSACTION
control field 20180223105137.0
008 - ELEMENTOS DE LONGITUD FIJA
fixed length control field 151209b 2010 sp a |||| 00| 0 spa d
020 ## - ISBN
International Standard Book Number 9788421684221
040 ## - FUENTE DE CATALOGACIÓN
Agencia que crea de manera original el registro BPMSU
Idioma de catalogación spa
Agencia que realiza la transcripción BPMSU
092 ## - LOCALLY ASSIGNED DEWEY DECIMAL CALL NUMBER
Número de clasificación XXXXX
Número de ítem (Cutter) XXXXX
100 1# - ASIENTO PRINCIPAL -- NOMBRE PERSONAL
Nombre personal Park, Barbara
240 10 - TITULO UNIFORME
Título uniforme Junie B., first grader, boss of lunch.
Idioma de una obra Español.
245 10 - MENCIÓN DE TITULO
Título Junier B. Jones jefa de cocina /
Mención de responsabilidad texto de Barbara Park ; ilustraciones de Denise Brunkus ; traducción, Begoña Oro
260 ## - PUBLICACIÓN, DISTRIBUCIÓN, ETC. (PIE DE IMPRENTA)
Lugar de publicación, distribución, etc Mandrid :
Nombre del editor, distribuidor, etc. Bruño,
Fecha de publicación, distribución, etc 2010.
300 ## - DESCRIPCIÓN FÍSICA
Extensión 89 p. :
Otros detalles físicos il. ;
Dimensiones 20 cm.
490 1# - MENCIÓN DE SERIES
Mención de serie Junie B. Jones
Volume/sequential designation 19
700 12 - ASIENTO SECUNDARIO -- NOMBRE PERSONAL
Nombre personal Brunkus, Denise,
Mención de responsabilidad il.
700 12 - ASIENTO SECUNDARIO -- NOMBRE PERSONAL
Nombre personal Oro, Begoña,
Mención de responsabilidad tr.
830 #0 - ASIENTO SECUNDARIO DE SERIE--TÍTULO UNIFORME
Título uniforme Junie B. Jones
Número de la parte o sección de una obra 19
910 ## - VALIDACIÓN
Validación 00260
942 ## - ADDED ENTRY ELEMENTS (KOHA)
Source of classification or shelving scheme Dewey Decimal Classification
Koha item type Libros
945 ## - INFORMACIÓN DE PROCESAMIENTO LOCAL
Información de procesamiento local Inventariado, 2018/ YL
956 ## - LOCAL ELECTRONIC LOCATION AND ACCESS (OCLC)
Nombre de host Lorenza Pérez
Número de acceso 10
Existencias
Withdrawn status Lost status Source of classification or shelving scheme Damaged status Not for loan Collection code Home library Current library Date acquired Source of acquisition Total Checkouts Barcode Date last seen Price effective from Koha item type
    Dewey Decimal Classification     Colección Infantil General Biblioteca Pública Metropolitana Salomé Ureña Biblioteca Pública Metropolitana Salomé Ureña 12/09/2015 Donado por Fundi   BPMSU15120093 12/09/2015 12/09/2015 Libros